Completa un Mosaico della Mappa del Mondo - Statistics

Statistiche generali
  • Questo quiz è stato fatto 4.966 volte
  • Il punteggio medio è 20 su 40
Risposte nella Mappa
Le risposte nella mappa del quiz sottostante sono codificate secondo una scala di colori dal rosso al verde in base alla % di persone che hanno risposto correttamente.
 
Statistiche sulle risposte
Paese % Corretto
Stati Uniti
96%
Cina
93%
Russia
92%
Brasile
88%
India
88%
Messico
72%
Germania
68%
Giappone
68%
Pechino
68%
Washington
64%
Indonesia
59%
Nigeria
58%
Ottawa
57%
Pakistan
57%
Egitto
56%
Buenos Aires
54%
Repubblica Democratica del Congo
54%
Tokyo
54%
Helsinki
53%
Iran
49%
Nuova Delhi
48%
Turchia
48%
Vietnam
48%
Bangladesh
45%
Copenaghen
40%
Thailandia
39%
Filippine
36%
Hanoi
36%
Ankara
34%
Etiopia
34%
Atene
33%
Teheran
30%
Manila
23%
Tripoli
23%
Nairobi
21%
Kuala Lumpur
19%
Luanda
19%
Port Moresby
18%
Phnom Penh
16%
Niamey
14%
Nessun quiz corrispondente trovato
Distribuzione punteggi
Percentuale di utenti per punteggio
Percentile per numero di risposta
I tuoi punteggi nel tempo
Non hai fatto questo quiz